000 01957cam a22002535a 4500
001 L159610
008 101115s2016 xxk f 000 0 eng d
035 _a(Sirsi) u159610
041 0 _aeng
050 0 4 _a692.8 $2 18
110 2 _aFenwick Elliott
_95892
245 0 0 _aFenwick Elliott Annual review 2016-2017 $[ electronic resource]
250 _a20th ed.
260 _aLondon
_bFenwick Elliott
_c[2016]
300 _a52p.
520 _aProvides a summary of recent developments in the construction, engineering and energy.
520 _aFocuses on the ever-increasing importance of the impact of artificial intelligence and the digital big bang. It looks at the continued march forward of BIM and the contractual safeguards that need to be put in place to work with BIM. It reviews the impact of the Arnold v Britton and Marks & Spencer v BNP Paribas cases and look at the outcome of the Supreme Court?s review about liquidated damages. It reflects on the question of whether or not a prohibition on oral variations can ever be overridden and it reminds you of just how easy it is to sign up to personal guarantees, but how hard it is to try and extricate yourself from having done so. To complement their office in Dubai, the Review has an international flavour and it comments on the Dubai courts which have been considering whether or not an Engineer?s Decision under the FIDIC form is a contractual precondition to the right to bring an arbitration claim. It also provides an update on adjudication, takes a look at the impartiality of adjudicators and arbitrators, considers guarantees and looks at the extent to which the UK courts embrace the principle of good faith.
590 _aKA
651 4 _aEngland and Wales
_y1543-
690 _aBUILT ENVIRONMENT
700 1 _aGlover, Jeremy
_eEditor
856 4 8 _uhttps://www.fenwickelliott.com/research-insight/annual-review/2016
_zView the review at www.fenwickelliott.com.
942 _n0
999 _c116046
_d116046